000 00819nam a2200217Ia 4500
003 GCL
008 140319s9999 xx 000 0 ara d
040 _aGCL /
_cGCL
082 0 4 _a214
_bع م
100 1 _aعبدالحميد واكد
245 1 0 _aمن اعجاز القران و السنة نهاية اسرائيل والصهيونية :
_b(هدية من الاديب عبدالفتاح الجمل) /
_cعبدالحميد واكد
260 _aالقاهرة :
_bالدار المصرية للطباعة والنشر والتوزيع ،
_c1971
300 _a868 ص
490 _a
650 0 4 _aاسرائيل
650 0 4 _aالاسلام واليهودية
650 0 4 _aالاسلام والسياسة
650 0 4 _aالاعجاز العلمى للقران
650 0 4 _aالقران
942 _2ddc
_cBK
999 _c46985
_d46985